| 000 | 00904cab a2200253 4500 | ||
|---|---|---|---|
| 001 | ABS50670 | ||
| 008 | 090401t1994 xxu||||| |||| 00| 0 eng d | ||
| 035 | _a(Sirsi) u24529 | ||
| 041 | _aeng | ||
| 245 | _aContracts for the sale of land | ||
| 260 | _c1994 | ||
| 350 | _a0 | ||
| 490 |
_aEstates Gazette _v(9419) 14 May 1994, 128-129(2) |
||
| 520 | _aA `Mainly for students` article explaining the drawing up of land sale contracts under the Law of Property (Miscellaneous Provisions) Act 1989 s2. Examines relevant caselaw and refers to the parallel system of `missives` practiced in Scotland. | ||
| 650 | _aCONTRACT FOR SALE | ||
| 650 | _aLAND CONTRACTS | ||
| 650 | _aLAW OF PROPERTY (MISCELLANEOUS PROVISIONS) ACT 1989 S2 | ||
| 650 | _aLAW OF PROPERTY ACT 1925 | ||
| 650 | _aSALE OF LAND | ||
| 690 | _aLAND | ||
| 690 | _aPROPERTY LAW AND PRACTICE | ||
| 942 | _n0 | ||
| 948 | _c04/03/1997 | ||
| 999 |
_c16452 _d16452 |
||